000 01733nam0a2200325 4500
001 RU\NLR\BIBL_A\011457198
005 20260407073131.0
010 _a9785209079521
_9100
021 _aRU
_b2017-53458
_93813
035 _a(RuMoRGB)008942960
035 _a(NLR Aleph) 011457198
090 _a11783450
_c11783450
100 _a20170817d2017 km y0rusy50 ca
101 0 _arus
102 _aRU
105 _aa j 000zy
200 1 _aНосовые кровотечения
_eучебно-методическое пособие
_e[для студентов медицинских вузов по специальностям "Лечебное дело" и "Стоматология"]
_fФедеральное государственное автономное образовательное учреждение высшего образования "Российский университет дружбы народов"
_g[В. И. Попадюк и др.]
210 _aМосква
_cРоссийский университет дружбы народов
_d2017
215 _a28 с.
_cил.
_d21
320 _aБиблиогр.: с. 28 (4 назв.)
606 _aНосовые кровотечения
_jУчебно-методические пособия для высших учебных заведений
_91397544
_3RU\NLR\AUTH\66587915
686 _aР682.44-32я73-14
_2rubbk
686 1 _aР682.44-32я73
702 1 _aПопадюк
_bВ. И.
_gВалентин Иванович
_4220
712 0 2 _4570
_aРоссийский университет дружбы народов
_3RU\NLR\AUTH\883055
_9277265
942 _cBOOK
980 _aNBR